LEADER 02987nam 2200637 450 001 9910452907603321 005 20200903223051.0 010 $a90-272-7176-3 035 $a(CKB)2550000001116058 035 $a(EBL)1382063 035 $a(SSID)ssj0000984967 035 $a(PQKBManifestationID)11546459 035 $a(PQKBTitleCode)TC0000984967 035 $a(PQKBWorkID)11014042 035 $a(PQKB)10910731 035 $a(MiAaPQ)EBC1382063 035 $a(Au-PeEL)EBL1382063 035 $a(CaPaEBR)ebr10759326 035 $a(CaONFJC)MIL516350 035 $a(OCoLC)857967954 035 $a(EXLCZ)992550000001116058 100 $a20130502h20132013 uy| 0 101 0 $aeng 135 $aur|n|---||||| 181 $ctxt 182 $cc 183 $acr 200 14$aThe regularity of the "irregular" verbs and nouns in English /$fElena Even-Simkin, Yishai Tobin 210 1$aAmsterdam :$cJohn Benjamins Publishing Company,$d[2013] 210 4$dİ2013 215 $a1 online resource (291 p.) 225 1 $aStudies in functional and structural linguistics (SFSL),$x0165-7712 ;$vvolume 66 300 $aDescription based upon print version of record. 311 $a90-272-1576-6 311 $a1-299-85099-5 320 $aIncludes bibliographical references and indexes. 327 $apart one. Introduction -- part two. Background -- part three. The non-irregularity hypotheses -- part four. Phonological non-irregularity hypothesis -- part five. Semantic non-irregularity : the common semantic denominator (CSD) hypothesis -- part six. Further evidence for both hypotheses -- part seven. Discussion and conclusions. 330 $aThis volume presents an in-depth study of the so-called irregular Past Tense (sing/sang) and Noun Plural (foot/feet) forms with Internal Vowel Alternation (IVA) in English demonstrating that they possess both a fixed phonological and semantic regularity. The innovative sign-oriented analysis and inductive methodology employed in this study are further supported by additional first language acquisition data, experimental studies and historical evidence. The data culled from multiple linguistic anthologies, dictionaries and thesauri have shown that although the IVA process comprise 410 0$aStudies in functional and structural linguistics ;$vv. 66. 606 $aGrammar, Comparative and general$xVerb 606 $aGrammar, Comparative and general$xNoun 606 $aEnglish language$xUsage 608 $aElectronic books. 615 0$aGrammar, Comparative and general$xVerb. 615 0$aGrammar, Comparative and general$xNoun. 615 0$aEnglish language$xUsage. 676 $a425/.92 700 $aEven-Simkin$b Elena$0921664 701 $aTobin$b Y$0891697 801 0$bMiAaPQ 801 1$bMiAaPQ 801 2$bMiAaPQ 906 $aBOOK 912 $a9910452907603321 996 $aThe regularity of the "irregular" verbs and nouns in English$92067679 997 $aUNINA LEADER 01978oam 2200529M 450 001 9910716290403321 005 20200213071003.6 035 $a(CKB)5470000002519217 035 $a(OCoLC)1065634866 035 $a(OCoLC)995470000002519217 035 $a(EXLCZ)995470000002519217 100 $a20071213d1926 ua 0 101 0 $aeng 135 $aurcn||||||||| 181 $ctxt$2rdacontent 182 $cc$2rdamedia 183 $acr$2rdacarrier 200 10$aBridge across the Mississippi River at or near Vicksburg, Miss. April 19 (calendar day, April 20), 1926. -- Ordered to be printed 210 1$a[Washington, D.C.] :$c[U.S. Government Printing Office],$d1926. 215 $a1 online resource (2 pages) 225 1 $aSenate report / 69th Congress, 1st session. Senate ;$vno. 637 225 1 $a[United States congressional serial set ] ;$v[serial no. 8525] 300 $aBatch processed record: Metadata reviewed, not verified. Some fields updated by batch processes. 300 $aFDLP item number not assigned. 517 $aBridge across the Mississippi River at or near Vicksburg, Miss. April 19 606 $aBridge construction industry 606 $aBridges$xDesign and construction 606 $aBridges 606 $aConstruction industry 606 $aLegislative amendments 608 $aLegislative materials.$2lcgft 615 0$aBridge construction industry. 615 0$aBridges$xDesign and construction. 615 0$aBridges. 615 0$aConstruction industry. 615 0$aLegislative amendments. 701 $aBingham$b Hiram$f1875-1956$pRepublican (CT)$0463205 801 0$bWYU 801 1$bWYU 801 2$bOCLCO 801 2$bOCLCQ 801 2$bOCLCO 801 2$bOCLCQ 906 $aBOOK 912 $a9910716290403321 996 $aBridge across the Mississippi River at or near Vicksburg, Miss. April 19 (calendar day, April 20), 1926. -- Ordered to be printed$93524095 997 $aUNINA LEADER 00974nam0 22002651i 450 001 UON00128901 005 20231205102748.131 100 $a20020107f |0itac50 ba 101 $aurd 102 $aIN 105 $a|||| 1|||| 200 1 $aHindustani musiqi$fE. F. Islam 210 $aIlahabad$cIdara-e Anis-e Urdu, s. d 215 $a155 p.$d18 cm 606 $aMUSICA INDIANA$3UONC004712$2FI 620 $aIN$dAllahabad$3UONL000114 686 $aSI IX H$cSUBCONT. INDIANO - ARTI - MUSICA, TEATRO, CINEMA, DANZA$2A 700 1$aISLAM$bE. F.$3UONV079335$0668088 712 $aIdara-e Anis-e Urdu$3UONV256359$4650 801 $aIT$bSOL$c20240220$gRICA 899 $aSIBA - SISTEMA BIBLIOTECARIO DI ATENEO$2UONSI 912 $aUON00128901 950 $aSIBA - SISTEMA BIBLIOTECARIO DI ATENEO$dSI SI IX H 025 $eSI IND1920 7 025 996 $aHindustani musiqi$91319697 997 $aUNIOR